Advances in Computers (Record no. 3441)

MARC details
000 -LEADER
fixed length control field 00456nam a22001457a 4500
008 - FIXED-LENGTH DATA ELEMENTS--GENERAL INFORMATION
fixed length control field 250513b |||||||| |||| 00| 0 eng d
020 ## - INTERNATIONAL STANDARD BOOK NUMBER
ISBN 9780323898102
100 ## - MAIN ENTRY--AUTHOR
Author Patgiri .R.
245 ## - TITLE STATEMENT
Title Advances in Computers
Remainder of title Principles of BigGraph in Depth Insight
260 ## - PUBLICATION, DISTRIBUTION, ETC. (IMPRINT)
Place of publication Cambridge
Name of publisher Academic Press
Date of publication 2023
300 ## - COLLATION
Pagination xiii, 443p.
Other physical details ill.
650 ## - TRACINGS
Main Subject Graphical Users Interfaces (Computer Systems)
Subdivision (1st) System Analysis
942 ## - ADDED ENTRY ELEMENTS (KOHA)
Item type Books
050 ## - LIBRARY OF CONGRESS CALL NUMBER
Classification number QA76.9.U83
Item number .A38
Holdings
Source of classification or shelving scheme Not for loan Permanent location Current location Date acquired Accession No. Full call number Barcode. Koha item type
Library of Congress Classification   Samuel Ogbemudia Main Library, University of Abuja Samuel Ogbemudia Main Library, University of Abuja 05/13/2025 2024/63721 QA76.9.U83.A38 2025-1907 Books